| 000 | 00344nam a22001337a 4500 | ||
|---|---|---|---|
| 020 | _a9788126537709 | ||
| 082 |
_a551.523 _bQUA/RE |
||
| 100 |
_aQuaschning,Volker _9664 |
||
| 245 | _aRenewable Energy and Climate Change | ||
| 260 |
_aNew Delhi _bWiley India Pvt. Ltd. _c2012 |
||
| 300 | _a308 | ||
| 500 | _aTranslator - Hedy Jourdan | ||
| 942 | _cBK | ||
| 999 |
_c14411 _d14411 |
||